| 000 | 00481nam a22001937a 4500 | ||
|---|---|---|---|
| 003 | MPLRDC | ||
| 005 | 20220104154556.0 | ||
| 008 | 210129b ||||| |||| 00| 0 eng d | ||
| 020 | _a957-0316-15-2 | ||
| 082 | _a857.7 HYQ | ||
| 100 | _a韩以茜 | ||
| 245 |
_a南极企鹅与我的对话 _c |
||
| 250 | _a初版 | ||
| 260 |
_a台湾 _b大块文化出版股份有限公司 _c2000 |
||
| 300 | _b平 | ||
| 490 | _aCATCH. 25 | ||
| 650 | _a长篇小说 | ||
| 942 |
_cBK _o857.7 HYQ |
||
| 999 |
_c54055 _d54045 |
||